000 01239nam a2200241Ia 4500
999 _c53860
_d53860
001 20911
003 GE_BSU
005 20221219125309.0
008 181216s||||||||xx |||||||||||||| ||und||
020 _a9789941093814
040 _cGE_BSU
041 _ageo
080 _a316.6+159.92 ნ–28
100 _aნარბუტი, ალექს
_916482
245 _aკარნეგი :
_b150 ვარჯიში, რომლებიც გაგხდით ადამიანებთან ურთიერთობის დიდოსტატად
_c ალექს ნარბუტი ; მთარგმნელი ნინა თურმანიძე ; რედაქტორი თამაზ თურმანიძე.
264 _aთბილისი :
_bპეგა,
_c2016.
300 _a190 გვ.;
_b20 სმ.
653 _aადამიანებთან ურთიერთობის ხელოვნება
653 _aფსიქოლოგია
700 _aთურმანიძე, ნინა
_eმთარგმნელი
_916483
700 _aთურმანიძე, თამაზ
_eრედაქტორი
_911865
942 _cBK
_2udc